00000000nam##2200000za#4500
0019.604802
003CaOODSP
00520220901164727
007cr |||||||||||
008150406|1998||||xxc|||||o    f|0| 0 fre|d
040 |aCaOODSP|bfre
043 |an-cn---
0861 |aJ3-7/1998-9F-PDF
1101 |aCanada.|bJustice Canada.
24510|aEnquête sur les armes à feu chez les Cris de la Baie James / |h[ressource électronique]|c[par] Association des trappeurs cris.
260 |aOttawa - Ontario : |bJustice Canada |c1998.
4901 |aRapport technique|vTR1998-9f
590 |a12-40-Supp|b2012-10-23
77508|tJames Bay Cree gun survey / |w(CaOODSP)9.575265
830#0|aRapport technique ;|vTR1998-9f|w(CaOODSP)9.502068
85640|ahttp://publications.gc.ca|qPDF|s160 Ko|uhttps://publications.gc.ca/collections/collection_2012/jus/J3-7-1998-9-fra.pdf|yTR1998-9f